Statistisk Arbok 1994 Norges Offisielle Statistisk
Saved in:
| Format: | Book |
|---|---|
| Language: | Norwegian English |
| Published: |
Oslo
Statistisk sentralbyra
1994
|
| Subjects: | |
| Tags: |
No Tags, Be the first to tag this record!
|
MARC
| LEADER | 00000nam a2200000 4500 | ||
|---|---|---|---|
| 001 | c005616 | ||
| 005 | 20250702114111.4 | ||
| 020 | |a 82-537-4017-4 | ||
| 041 | 0 | |a nor | |
| 041 | 0 | |a eng | |
| 044 | |a NO | ||
| 245 | 1 | 0 | |a Statistisk Arbok 1994 |b Norges Offisielle Statistisk |
| 264 | 1 | |a Oslo |b Statistisk sentralbyra |c 1994 | |
| 300 | |a 495 s. | ||
| 610 | 2 | 0 | |a Nórsko |
| 610 | 2 | 0 | |a zemepis |
| 610 | 2 | 0 | |a zdroje prírodné |
| 610 | 2 | 0 | |a prostredie životné |
| 610 | 2 | 0 | |a populácia |
| 610 | 2 | 0 | |a zdravotníctvo |
| 610 | 2 | 0 | |a vzdelanie |
| 610 | 2 | 0 | |a kultúra |
| 610 | 2 | 0 | |a služby sociálne |
| 610 | 2 | 0 | |a právo |
| 610 | 2 | 0 | |a práca |
| 610 | 2 | 0 | |a mzdy |
| 610 | 2 | 0 | |a spotreba obyvateľstva |
| 610 | 2 | 0 | |a dôchodky |
| 610 | 2 | 0 | |a priemysel |
| 610 | 2 | 0 | |a obchod |
| 610 | 2 | 0 | |a služby |
| 610 | 2 | 0 | |a doprava |
| 610 | 2 | 0 | |a hospodárstvo národné |
| 610 | 2 | 0 | |a financie |
| 610 | 2 | 0 | |a správa verejná |
| 610 | 2 | 0 | |a politika |
| 610 | 2 | 0 | |a 1994 |